Culture Générale - Série 2118 - Statistiques

Statistiques générales
  • Ce quiz a été pris 96 fois
  • Le résultat moyen est 2 sur 10
Statistiques - réponses
Question Réponse % Correct
De quel pays Erevan est-elle la capitale ? Arménie
88%
Qui anime le jeu télévisé "Slam" sur France 2 ? prénom et nom Cyril Féraud
43%
Dans la mythologie grecque, quelle princesse phéacienne a donné son nom au centre de découverte de l'environnement marin, ouvert en 1991 à Boulogne-sur-Mer ? Nausicaa
34%
En 1871, quel grand mâitre d'hôtel est passé à la postérité pour s’être suicidé pendant une réception alors que la livraison de la pêche du jour avait du retard ? François Vatel
28%
Quel est le nom de la série télévisée française, diffusée sur TF, dont Marine Delterme est le héros principal dans le rôle d'un juge ? Alice Nevers
18%
Quel magazine allemand d'investigation a été créé en 1946 par Rudolf Augstein ? der Spiegel
10%
Quelle ville italienne est surnommée « le Nombril de la Sicile » ? Enna
6%
Quel mot ( en algonquin) désigne la demeure des Indiens de la forêt nord-américaine ? voir photo wigwam
4%
Quel est l'ancêtre du GPS ? loran
0%
Ancienne mesure de capacité pour les grains et les matières sèches variant entre 150 et 300 litres environ. setier
0%
Aucun quiz correspondant
Distribution des résultats
% des personnes avec chaque résultat
Percentile par nombre de réponses
Votre historique - résultats
Vous n’avez pas pris ce quiz